| 000 | 00549pab a2200181 454500 | ||
|---|---|---|---|
| 008 | 180718b2011 xxu||||| |||| 00| 0 eng d | ||
| 100 | _aCaillier, James Gerard | ||
| 245 | _aFunding, management and individual - level factors: What factors matter in predicting perceived organizational effectiveness? | ||
| 260 | _c2011 | ||
| 300 | _ap.413-423. | ||
| 362 | _aJun | ||
| 650 | _aJob satisfaction | ||
| 650 | _aMotivation | ||
| 650 | _aOrganizations | ||
| 773 | _aInternational Journal of Public Administration | ||
| 908 | _aN | ||
| 909 | _a95332 | ||
| 999 |
_c95332 _d95332 |
||